| 000 | 00759pam a2200241 a 4500 | ||
|---|---|---|---|
| 001 | 4278298 | ||
| 003 | NUST - PNEC | ||
| 005 | 20170116181117.0 | ||
| 008 | 850805s1986 nyua b 001 0 eng | ||
| 010 | _a 85018453 | ||
| 020 | _a007024989X : | ||
| 040 |
_aDLC _cLIBRARY _dDLC |
||
| 050 | 0 | 0 |
_aTS191.8 _b.I49 1986 |
| 082 | 0 | 0 | _a629.892 GRO |
| 245 | 0 | 0 |
_aIndustrial robotics : _btechnology, programming, and applications / _cMikell P. Groover ... [et al.] |
| 260 |
_aNew York, NY : _bMcGraw-Hill, _cc1986. |
||
| 300 |
_axiv, 546 p. : _bill. ; _c25 cm. |
||
| 504 | _aIncludes bibliographies and index. | ||
| 650 | 0 | _aRobots, Industrial. | |
| 700 | 1 |
_aGroover, Mikell P., _d1939- |
|
| 906 |
_a7 _bcbc _corignew _d1 _eocip _f19 _gy-gencatlg |
||
| 942 |
_2ddc _cBK |
||
| 999 |
_c69367 _d69367 |
||